Discovering Latin America (Record no. 1503)

MARC details
000 -LEADER
fixed length control field 00620 a2200193 4500
010 ## - LIBRARY OF CONGRESS CONTROL NUMBER
LC control number ENG-85152
020 ## - INTERNATIONAL STANDARD BOOK NUMBER
International Standard Book Number 8184090048
Terms of availability 3200.00
035 ## - SYSTEM CONTROL NUMBER
System control number EN-68685
037 ## - SOURCE OF ACQUISITION
Source of stock number/acquisition D.B.Act / Pub
082 14 - DEWEY DECIMAL CLASSIFICATION NUMBER
Classification number 972.981
090 ## - LOCALLY ASSIGNED LC-TYPE CALL NUMBER (OCLC); LOCAL CALL NUMBER (OCLC)
-- 1525
-- 1525
100 1# - MAIN ENTRY--PERSONAL NAME
Personal name Ansal, Kusum
245 1# - TITLE STATEMENT
Title Discovering Latin America
Statement of responsibility, etc by Kusum Ansal
260 ## - PUBLICATION, DISTRIBUTION, ETC. (IMPRINT)
Place of publication, distribution, etc New Delhi
Name of publisher, distributor, etc Frank Bros.
Date of publication, distribution, etc 2006
270 ## - ADDRESS
Address 4675-A, Ansari Road, 21, Daryaganj
City New Delhi
Telephone number 011-23263393, 011-23279936
300 ## - PHYSICAL DESCRIPTION
Extent 152 p.
Other physical details 30 cm (Hb.)
942 ## - ADDED ENTRY ELEMENTS (KOHA)
Institution code [OBSOLETE] dpl
Koha item type English Books
Call number prefix 972.981 / ANS
Holdings
Withdrawn status Lost status Source of classification or shelving scheme Damaged status Not for loan Collection code Home library Current library Source of acquisition Cost, normal purchase price Total Checkouts Full call number Barcode Date last seen Copy number Uniform Resource Identifier Cost, replacement price Price effective from Koha item type
    Dewey Decimal Classification   Not For Loan Non-fiction D.B.Act.Division D.B.Act.Division DBAD/PUB 3200.00   972.981 EN-68685 15/09/2008 1 1580 3200.00 15/09/2008 English Books

© Delhi Public Library
Hit Counter
free hit counter